Grants register 1977-79 (Record no. 28183)

MARC details
000 -LEADER
fixed length control field 00270nam a2200109Ia 4500
082 ## - DEWEY DECIMAL CLASSIFICATION NUMBER
Classification number 371.222(083.2)
Item number TUR;1
245 #0 - TITLE STATEMENT
Title Grants register 1977-79
260 ## - PUBLICATION, DISTRIBUTION, ETC. (IMPRINT)
Place of publication London
Name of publisher St James
Year of publication 1976
700 ## - ADDED ENTRY--PERSONAL NAME
Personal name Turner, R
942 ## - ADDED ENTRY ELEMENTS (KOHA)
Koha item type Books
Holdings
Withdrawn status Lost status Damaged status Not for loan Home library Current library Date acquired Cost, normal purchase price Full call number Accession Number Koha item type
        RRII Library RRII Library 16/12/2021 19.50 371.222(083.2) TUR;1 08791 Books